Neugestaltung von IAS 1 "darstellung des abschlusses" und dessen auswirkungen auf die entscheidungsrelevanz

Salvato in:
Dettagli Bibliografici
Autore principale: Zorn, Daniel
Natura: Capitolo di libro
Lingua:tedesco
Soggetti:
Tags: Aggiungi Tag
Nessun Tag, puoi essere il primo ad aggiungerne!!

MARC

LEADER 00000nla$a2200000$$$4500
001 0124954
005 20240502072423.2
041 0 |a ger 
044 |a SK 
245 1 0 |a Neugestaltung von IAS 1 "darstellung des abschlusses" und dessen auswirkungen auf die entscheidungsrelevanz  |c Daniel Zorn 
610 2 0 |a oceňovanie 
610 2 0 |a ohodnocovanie podniku 
610 2 0 |a manažment finančný 
610 2 0 |a výsledok hospodársky 
610 2 0 |a závierka účtovná 
610 2 0 |a IFRS 
100 1 |a Zorn, Daniel